000 00353nam a2200169Ia 4500
100 _aAndleigh/P.K/ Thakrar/K
650 _aMultimedia
942 _cBK
366 _f25
654 _amultimedia
245 _aMultimedia system design
260 _bprentice hall
_c1986
082 _a4.65
_bAND
300 _a654
546 _aENGLISH
999 _c18424
_d18424